Who was Michael Jackson? / (Record no. 8788)

MARC details
000 -LEADER
fixed length control field 01525nam a22002777a 4500
001 - CONTROL NUMBER
control field 8788
003 - CONTROL NUMBER IDENTIFIER
control field FISKH
005 - DATE AND TIME OF LATEST TRANSACTION
control field 20251020161005.0
008 - FIXED-LENGTH DATA ELEMENTS--GENERAL INFORMATION
fixed length control field 251020b cb ||||| |||| 00| 0 eng d
020 ## - INTERNATIONAL STANDARD BOOK NUMBER
International Standard Book Number 9780448484105
040 ## - CATALOGING SOURCE
Original cataloging agency FISKH
Language of cataloging eng
Transcribing agency FISKH
Modifying agency FISKH
050 ## - LIBRARY OF CONGRESS CALL NUMBER
Classification number ML3930.J25 S75
082 ## - DEWEY DECIMAL CLASSIFICATION NUMBER
Classification number 782.42166092
100 ## - MAIN ENTRY--PERSONAL NAME
Personal name Stine, Megan
245 ## - TITLE STATEMENT
Title Who was Michael Jackson? /
Statement of responsibility, etc. by Megan Stine ; illustrated by Joseph J. M. Qiu
260 ## - PUBLICATION, DISTRIBUTION, ETC.
Place of publication, distribution, etc. New York ;
Name of publisher, distributor, etc. Grosset & Dunlap,
Date of publication, distribution, etc. 2015.
300 ## - PHYSICAL DESCRIPTION
Extent 104 pages :
Other physical details illustrations ;
Dimensions 20 cm
505 ## - FORMATTED CONTENTS NOTE
Formatted contents note Q<br/>
520 ## - SUMMARY, ETC.
Summary, etc. Biography & Autobiography. Juvenile Nonfiction. Music. Performing Arts. Born in Gary, Indiana, on August 29, 1958, Michael Jackson was definitely not a regular kid. A superstar with The Jackson 5 before he was eight years old, he became the King of Pop as a solo artist. Michael was a creative�yet deeply troubled—genius who always remained devoted to his art right up until his death is 2009 before a much anticipated tour. He had a pitch-perfect voice and footwork that his idol Fred Astaire admired. Who will ever forget the Moonwalk? Kids today who only know Jackson through video performances are nevertheless fascinated by him. Megan Stine provides a sensitive, fair-minded depiction of this unique music legend.
521 8# - TARGET AUDIENCE NOTE
Target audience note 660<br/>
Source Lexile estimate<br/>
521 8# - TARGET AUDIENCE NOTE
Target audience note Q<br/>
Source Raz-Plus<br/>
650 ## - SUBJECT ADDED ENTRY--TOPICAL TERM
Topical term or geographic name entry element The Jacksons
Form subdivision Nonfiction: Who Was...? Series
700 ## - ADDED ENTRY--PERSONAL NAME
Personal name Qiu, Joseph J. M.
Relator term illustrator
942 ## - ADDED ENTRY ELEMENTS (KOHA)
Source of classification or shelving scheme Dewey Decimal Classification
Koha item type Books
Suppress in OPAC No
Holdings
Withdrawn status Lost status Source of classification or shelving scheme Damaged status Not for loan Collection Home library Current library Shelving location Date acquired Total Checkouts Full call number Barcode Date due Date last seen Date last checked out Copy number Price effective from Koha item type
    Dewey Decimal Classification     Non-Fiction Footprints International School Library Network Toul Kork Campus Footprints International School Library Network Toul Kork Campus TK Primary Library Room(4th Floor), Bookcase 5&6, Shelves 33-56, Orange Books 10/20/2025 1 STI 782.42166092 ML3930.J25 S75 2025-4685 12/23/2025 12/09/2025 12/09/2025 1 10/20/2025 Books